[Event "Clarin GP final"]
[Site "Villa Gesell"]
[Date "1997.03.07"]
[Round "5"]
[White "Ricardi, Pablo"]
[Black "Sorokin, Maxim"]
[Result "1/2-1/2"]
[WhiteElo "2575"]
[BlackElo "2560"]
[Annotator "Hecht,H"]
[PlyCount "115"]
[EventDate "1997.03.02"]
[EventType "tourn"]
[EventRounds "11"]
[EventCountry "ARG"]
[EventCategory "11"]
[SourceTitle "CBM 058"]
[Source "ChessBase"]
[SourceDate "1997.06.01"]
[SourceVersion "1"]
[SourceVersionDate "1997.06.01"]
[SourceQuality "1"]

1. e4 e5 2. Nf3 Nc6 3. Bb5 a6 4. Ba4 Nf6 5. O-O Be7 6. Re1 b5 7. Bb3 O-O 8. c3
d6 9. d4 Bg4 10. d5 Na5 11. Bc2 Qc8 12. h3 Bd7 13. Bg5 c6 14. Nbd2 h6 15. Bh4
Re8 16. dxc6 Qxc6 17. a4 Be6 18. Bd3 Nc4 19. Nxc4 bxc4 20. Bc2 a5 21. Qe2 Rab8
22. Ra2 Nd7 23. Bxe7 Rxe7 24. Nd2 Nc5 25. Rb1 Reb7 26. Qf1 d5 27. exd5 Qxd5 28.
Rd1 Nd3 29. Bxd3 cxd3 30. b3 e4 31. Re1 f5 32. f3 Qc5+ 33. Qf2 Qxf2+ 34. Kxf2
Bxb3 35. Nxb3 Rxb3 36. fxe4 fxe4 37. Rxe4 Rxc3 38. Ke3 Rc2 39. Rxc2 dxc2 {
Thema: Einzelner Freibauer gegn verbundene Freibauern ab Zug 46. Wegen seiner
aktiven Turmstellung h i n t e r dem Freibauer hat Weiß keine Probleme gegen
die verbundenen Freibauern zum Remis zu kommen.} 40. Rc4 Rb3+ 41. Ke2 Rb2 42.
Kd3 c1=Q 43. Rxc1 Rxg2 44. Rc5 Rg3+ 45. Kc4 Rxh3 46. Rxa5 Ra3 (46... g5 47. Rd5
g4 48. a5 g3 (48... Ra3 49. Kb4 Ra1 50. Rd4 h5 51. Rd5 $11) 49. Rd1 $11) 47.
Kb4 Ra1 48. Rd5 Kh7 49. a5 g5 50. Kb3 (50. Kb5 Kg6 51. a6 h5 52. Kb6 h4 53. Ra5
Rb1+ 54. Kc7 Rc1+ $11) 50... g4 51. Kb2 {Mit diesem Manöver bringt Weiße
seinen Turm hinter den eigenen Freibauer und entfaltet so höchstmögliche
Aktivität. Der weiße König kann sich dann dem Königsflügel zuwenden.} Re1 52.
a6 Re8 53. Kc3 Ra8 54. Ra5 g3 55. Ra1 h5 56. Kd3 Re8 (56... h4 57. Ke3 Rf8 58.
Rh1 $11) 57. a7 h4 58. Ra4 (58. a8=Q $2 Rxa8 59. Rxa8 g2 60. Ra1 h3 $19)
1/2-1/2

[Event "Petrov Memorial op"]
[Site "St Petersburg"]
[Date "1996.??.??"]
[Round "5"]
[White "Balashov, Yuri S"]
[Black "Kruppa, Yuri"]
[Result "1-0"]
[WhiteElo "2480"]
[BlackElo "2580"]
[Annotator "Hecht,H"]
[PlyCount "79"]
[EventDate "1996.02.??"]
[EventType "swiss"]
[EventRounds "9"]
[EventCountry "RUS"]
[SourceTitle "CBM 052"]
[Source "ChessBase"]
[SourceDate "1996.06.01"]
[SourceVersion "1"]
[SourceVersionDate "1996.06.01"]
[SourceQuality "1"]

1. e4 e5 2. Nf3 Nc6 3. Bb5 a6 4. Ba4 Nf6 5. O-O Be7 6. Re1 b5 7. Bb3 d6 8. c3
O-O 9. d4 Bg4 10. a3 Qc8 11. Be3 Rd8 12. Nbd2 d5 13. Qb1 exd4 14. Nxd4 Nxd4 15.
Bxd4 Be6 16. Bc2 dxe4 17. Nxe4 Nd7 18. Ng3 Nf6 19. Nf5 Kf8 20. Nxe7 Kxe7 21.
Bc5+ Kd7 22. Qc1 Kc6 23. Be7 Rd7 24. Bxf6 gxf6 25. Be4+ Bd5 26. c4 Bxe4 27.
cxb5+ Kb7 28. bxa6+ Rxa6 29. Rxe4 Qd8 30. h3 Rb6 31. Rc4 Rd4 32. b4 Rbd6 33.
Rxd4 Rxd4 {[#] DT-DT: geschwächte schwarze Bauern- und K-Stellung ==>
Königsangriff} 34. Qc2 h6 35. Rc1 Qd6 36. b5 Rd3 37. a4 Ra3 38. Qc4 Kb8 (38...
Qd7 39. Qc6+ Qxc6 40. Rxc6 Rxa4 41. Rxf6 Rb4 42. Rxh6 Rxb5 43. Rf6 c5 44. Kf1
$18) 39. Qxf7 Rxa4 40. b6 $1 {"Coup de grace"} 1-0

[Event "Bundesliga 9899"]
[Site "Germany"]
[Date "1998.12.12"]
[Round "5.1"]
[White "Movsesian, Sergei"]
[Black "Adams, Michael"]
[Result "1-0"]
[WhiteElo "2650"]
[BlackElo "2716"]
[Annotator "Hecht,H"]
[PlyCount "185"]
[EventDate "1998.10.17"]
[EventType "team-tourn"]
[EventRounds "15"]
[EventCountry "GER"]
[SourceTitle "CBM 069"]
[Source "ChessBase"]
[SourceDate "1999.04.01"]
[SourceVersion "1"]
[SourceVersionDate "1999.04.01"]
[SourceQuality "1"]
[WhiteTeam "Neukoelln"]
[BlackTeam "Solingen"]
[WhiteTeamCountry "GER"]
[BlackTeamCountry "GER"]

1. e4 e5 2. Nf3 Nc6 3. Bb5 a6 4. Ba4 Nf6 5. O-O Be7 6. Re1 b5 7. Bb3 O-O 8. d4
d6 9. c3 Bg4 10. d5 Na5 11. Bc2 Qc8 12. h3 Bd7 13. Nbd2 c6 14. dxc6 Qxc6 15.
Nf1 Rac8 16. Ng3 Rfe8 17. a4 Bd8 18. axb5 axb5 19. Qe2 Qb6 20. Bd3 Qb8 21. Bg5
Nb3 22. Rad1 h6 23. Be3 Nc5 24. Nh4 Nd5 25. exd5 Nxd3 26. Rxd3 Bxh4 27. Qh5 e4
28. Rd4 Bxg3 29. fxg3 Re5 30. Qe2 Ree8 31. g4 Qb7 32. Bf4 Qb6 33. Qf2 Qb7 34.
Bxd6 Rc4 35. Bf4 Qc8 36. d6 Qc6 37. Red1 Rxd4 38. Qxd4 Ra8 39. Rc1 Re8 40. Kf2
f6 41. Ke3 Ra8 42. Rd1 Kf7 43. Kf2 Ra4 44. Qd2 Ra2 45. Qc2 Ra4 46. Be3 Rc4 47.
Qe2 b4 48. Bd4 bxc3 49. Bxc3 Qc5+ 50. Qe3 Qxe3+ 51. Kxe3 Ke6 52. g3 Ba4 53. Rd2
Bc6 54. h4 Ra4 55. Rd1 Ra8 56. Bb4 Kd7 57. Kf4 Rb8 58. Bc3 Ke6 59. Rd4 Rb5 60.
Bb4 Kd7 61. Rc4 g5+ 62. hxg5 hxg5+ 63. Ke3 f5 64. gxf5 Rxf5 65. Rc3 Rf3+ 66.
Kd4 g4 67. Ra3 Ke6 68. Bc5 Rxa3 69. Bxa3 {[#] Ohne die Bauern g3, g4, e4 ist
die Position problemlos remis (siehe Studienfall 1)} Bb7 (69... e3 $1 70. Kxe3
(70. Kc5 e2 71. Bb4 Ba4 72. Bd2 Kd7 73. b4 Bc6 74. b5 Ba8 $11 {auch hier sehe
ich keinen Gewinn für Weiß}) 70... Kd5 71. Z0 Bd7 72. Z0 Kc6 $11 {und der
König vereitelt zusammen mit seinem Läufer, der zugleich g4 deckt, jedwedes
Vorgehen der weißen Bauern b bzw. d.}) 70. Bb4 Bc6 71. Kc5 Kd7 72. Bd2 Ba4 73.
Bf4 Bb3 74. Kd4 Bc2 75. Kd5 Bb1 76. b4 Bc2 77. b5 Bd3 78. b6 Ba6 79. Kxe4 Kc6
80. Ke5 Bc8 81. Be3 Kd7 82. Bc5 Kc6 83. Kf6 Kd7 84. Ba3 Bb7 85. Kf5 Bf3 86. Bb4
{[#] Zugzwang!} (86. b7 Bxb7 87. Kxg4 Ke6 88. Kg5 Bf3 89. g4 Bd1 90. Kh4 Ba4
91. g5 (91. Kh5 Bd1 $11 {Das Fesselungsmotiv hindert Weiß am noch nicht einmal
gewinnbringenden Kh6 samt g5. Siehe dazu die Anmerkung zum 108.Zug in der
gleichen Variante.}) 91... Be8 $11 {z.B.} 92. Kg4 Bg6 93. Kf4 Bh7 94. Ke3 Bg6
95. Kd4 Bf5 96. Kc5 Be4 97. Kb6 Kd7 98. Bb4 {scheinbarer Zugzwang, denn
Schwarz kann den weißen König getrost nach f6 lassen, ohne das Remis zu
gefährden.} Bb1 99. Kc5 Be4 100. Kd4 Bb1 101. Ke5 Bc2 102. Kf6 Bd3 103. Kf7
Bc4+ $1 104. Kf8 Bd3 105. Kg7 Bc2 106. g6 {[%cal Rg7f7]} Ke8 107. Kh6 Bb3 $1
108. Kh7 Bc2 {das altbekannte Fesselungsmotiv!} 109. Kh6 Bb3 110. g7 Bg8 {
[#] Der Brettrand hindert den weißen König am Eindringen in die weiße Stellung.
Versetzt man alle Steine um eine Linie nach links, gewinnt Weiß automatisch,
indem er mit dem König über h7 nach g8 gelangt.}) 86... Kc8 87. Ke6 Bc6 88. Ke7
Kb7 89. Bc5 Kc8 90. Bd4 Bb5 91. d7+ Bxd7 92. b7+ Kxb7 93. Kxd7 1-0

[Event "RUS-chT 09th Group1"]
[Site "Ekaterinburg"]
[Date "2002.05.22"]
[Round "6"]
[White "Volokitin, Andrei"]
[Black "Smagin, Sergey"]
[Result "0-1"]
[WhiteElo "2577"]
[BlackElo "2585"]
[Annotator "Hecht,H"]
[PlyCount "116"]
[EventDate "2002.05.17"]
[EventType "team-tourn"]
[EventRounds "7"]
[EventCountry "RUS"]
[SourceTitle "CBM 090"]
[Source "ChessBase"]
[SourceDate "2002.09.20"]
[SourceVersion "1"]
[SourceVersionDate "2002.09.20"]
[SourceQuality "1"]
[WhiteTeam "Tyumen Gazovik"]
[BlackTeam "Norilsk Norilsky Nikel"]
[WhiteTeamCountry "RUS"]
[BlackTeamCountry "RUS"]

1. e4 e5 2. Nf3 Nc6 3. Bb5 a6 4. Ba4 Nf6 5. O-O Be7 6. Re1 b5 7. Bb3 O-O 8. d4
d6 9. c3 Bg4 10. d5 Na5 11. Bc2 Qc8 12. Nbd2 c6 13. b4 Nb7 14. dxc6 Qxc6 15.
Bb2 Nd8 16. Nf1 Ne6 17. h3 Bh5 18. Ng3 Bg6 19. Nh4 Rfd8 20. Qf3 d5 21. exd5
Nxd5 22. Nxg6 hxg6 23. Rxe5 Bf6 24. Rxd5 Rxd5 25. Bb3 Rad8 26. Bxd5 Rxd5 27. c4
Qxc4 28. Bxf6 gxf6 29. Ne4 Rd3 30. Qe2 Kg7 31. Nc5 Nxc5 32. bxc5 Rc3 33. Qxc4
Rxc4 34. Rd1 Rxc5 35. Rd6 a5 36. g4 Rc3 37. Rd5 Rxh3 38. Rxb5 Ra3 {[#] Weiß
hat die Wahl zwischen dem passiven Turm auf der 2. Reihe und dem aktiven Turm
bei Bauernhergabe.} 39. Rb2 (39. Kg2 Rxa2 40. Kg3 a4 41. Ra5 Kf8 (41... a3 42.
f4 Ra1 43. Ra8 a2 44. Kg2 Kh7 45. Ra7 Kg8 46. Ra8+ Kg7 47. Ra7 Kf8 {und es
geht nie Kh2 wegen Tf1 und verlust des Bf4. Einzige Chance ist als f4-f5.} 48.
Ra6 Ke7 49. Ra8 Kd6 50. f5 Ke5 51. Ra5+ Kf4 52. Ra4+ Kg5 $19 {weil ein
gewinnbringender schwarzer f-Freibauer entstehen wird.})) 39... Kh6 40. Kg2 Kg5
41. f3 Kf4 42. Rc2 f5 43. gxf5 Kxf5 44. Kg3 Kg5 45. Rc5+ f5 46. Rc2 f4+ 47. Kg2
Kh4 48. Rd2 Rc3 49. Rf2 a4 50. Rd2 a3 51. Kf2 g5 {Maximaler Raumgewinn für
Schwarz.} 52. Kg2 Rc5 53. Kh2 Rc3 54. Rf2 Rc1 55. Rg2 Rf1 56. Rg4+ Kh5 57. Kg2
Ra1 58. Kh3 Kg6 (58... Rxa2 59. Rxg5+ Kh6 60. Ra5 $11) 0-1

[Event "FRA-ch"]
[Site "Narbonne"]
[Date "1997.??.??"]
[Round "12"]
[White "Koch, Jean Rene"]
[Black "Neiman, Emmanuel"]
[Result "1-0"]
[WhiteElo "2495"]
[BlackElo "2315"]
[Annotator "Horvath,Ta"]
[PlyCount "71"]
[EventDate "1997.08.15"]
[EventType "tourn"]
[EventRounds "15"]
[EventCountry "FRA"]
[EventCategory "9"]
[SourceTitle "CBM 061"]
[Source "ChessBase"]
[SourceDate "1997.11.23"]
[SourceVersion "1"]
[SourceVersionDate "1997.11.23"]
[SourceQuality "1"]

1. e4 e5 2. Nf3 Nc6 3. Bb5 a6 4. Ba4 Nf6 5. O-O Be7 6. Re1 b5 7. Bb3 d6 8. c3
O-O 9. d4 Bg4 10. Be3 exd4 11. cxd4 d5 (11... Na5 12. Bc2 Nc4 13. Bc1 c5 14. b3
Nb6 $13) 12. e5 Ne4 13. Nc3 (13. Nbd2 Nxd2 (13... Qd7 $5) 14. Qxd2 Bxf3 15.
gxf3 Bb4 16. Qc2 Bxe1 $2 (16... Na5 17. Rec1 $14 {Horvath,T-Zupe,M/Austria/1994
}) 17. Qxc6 Ba5 18. Bxd5 $16) 13... Nxc3 14. bxc3 Qd7 (14... Na5 15. Bc2 Nc4
16. h3 Bh5 17. g4 Bg6 18. Bf5 $14 {Haba-Stajcic/Kecskemet/1992}) 15. h3 Bh5 16.
Bc2 Rfe8 (16... Rae8 17. Bd3 f5 18. a4 Nd8 19. axb5 axb5 20. e6 Qd6 21. Bxb5 c6
22. Ra6 Bf6 23. Bc1 Bxf3 24. Qxf3 Rxe6 25. Rf1 Qd7 26. Bd3 g6 27. Bd2 Nf7 28.
c4 Bxd4 29. cxd5 cxd5 30. Bb5 Qe7 31. Qxd5 Rxa6 32. Bxa6 Rd8 33. Qb3 {1/2-1/2
Todorcevic,M-Davies,N/Santa Cruz de la Palma op 1995/EXT 95op}) 17. Bf4 Nd8 18.
Qb1 Bg6 19. Ng5 Bxg5 $2 (19... Ne6 20. Bf5 Bxg5 21. Bxg5 Bxf5 22. Qxf5 $14) 20.
Bxg5 Ne6 21. Be3 c5 22. f4 $16 cxd4 23. cxd4 Bxc2 24. Qxc2 Rac8 25. Qf2 Rc4 26.
f5 Nf8 27. Re2 Rec8 28. Rf1 Qe8 29. Qf3 Qd7 30. Qg4 Rc2 31. Bh6 g6 32. e6 $1
$18 fxe6 33. fxe6 Nxe6 34. Rxc2 Rxc2 35. Qxe6+ Qxe6 36. Rf8# 1-0

[Event "Linares 14th"]
[Site "Linares"]
[Date "1997.02.05"]
[Round "2"]
[White "Adams, Michael"]
[Black "Ivanchuk, Vassily"]
[Result "1/2-1/2"]
[WhiteElo "2665"]
[BlackElo "2740"]
[Annotator "Huzman,A"]
[PlyCount "74"]
[EventDate "1997.02.04"]
[EventType "tourn"]
[EventRounds "11"]
[EventCountry "ESP"]
[EventCategory "18"]
[SourceTitle "CBM 057"]
[Source "ChessBase"]
[SourceDate "1997.04.01"]
[SourceVersion "1"]
[SourceVersionDate "1997.04.01"]
[SourceQuality "1"]

1. e4 e5 2. Nf3 Nc6 3. Bb5 a6 4. Ba4 Nf6 5. O-O Be7 6. Re1 b5 7. Bb3 d6 8. c3
O-O 9. d4 Bg4 10. d5 Na5 11. Bc2 Qc8 {11...c6 - 46/(452)} 12. Nbd2 c6 13. h3
Bd7 14. dxc6 Bxc6 15. Nf1 (15. b4 $5 Nb7 (15... Nc4 16. Nxc4 bxc4 17. Bg5 $14)
16. Nf1 Nd8 17. Ng3 Ne6 (17... g6 18. Bb3 $14) 18. Bb3 Rd8 19. Qe2 (19. Ng5 $5
Ra7 20. Nxe6 fxe6 $13) 19... Ra7 20. Ng5 (20. Bd2 $5 {/\ a4}) 20... d5 21. Nxe6
(21. exd5 Bxd5 22. Qxe5 $6 Bxb3 23. axb3 Rd5 24. Qe3 Rc7 25. Nxe6 Rxc3 $132)
21... Qxe6 22. Bg5 (22. Be3 Rb7 23. Rad1 h6 24. Rd2 {/\ Red1+/=}) 22... h6 23.
Bxf6 Bxf6 (23... Qxf6 24. exd5 Bxd5 25. Qxe5 Bxb3 26. axb3 Qxe5 27. Rxe5 Bf6
28. Rc5 $16) 24. Rad1 $14 {0-1 Khalifman,A-Beliavsky,A/USSR (ch) 1988 (44)})
15... Nc4 16. Ng3 g6 17. Qe2 (17. Nh2 Ne8 18. a4 Ng7 19. b3 Nb6 20. a5 Nd7 21.
b4 Nf6 22. Bg5 Qc7 23. Bb3 Ne6 24. Bh6 Rfd8 25. Ng4 Nf4 26. Bxf4 exf4 27. Ne2
Nxg4 28. hxg4 Bg5 29. Qd3 $14 {Khalifman,A-Razuvaev,Y/Minsk URS sf 1985/1-0 
(53)}) 17... Qb7 18. a4 Rfc8 {Pressing of the black at queen`s side makes the
white create weaknesses.At the same time the white don`t succeed in active
game on the king`s side.} 19. b3 Nb6 20. a5 Nbd7 21. Bd2 (21. Bg5 $5) 21... d5
$1 {Realising break in the centre,the black seize the initiative.} 22. exd5
Nxd5 23. Rad1 (23. Nxe5 Nxe5 24. Qxe5 Bf6 $17) 23... Re8 $1 {Having defended
prophylactically the pawn e5 the black can move to attack white weaknesses at
the queen`s side.} 24. Qf1 $15 {\-/+} (24. c4 bxc4 25. bxc4 Nf4 26. Bxf4 exf4
27. Rb1 Qc7 $17) 24... b4 {This move leads to specific game,in the result of
which the white succeed to simplifize the position.It would be better 24...Bf8
supporting the intensity,that was very unpleasant for the white,having less
space} 25. cxb4 Nxb4 26. Be4 Rac8 (26... Bf8 27. Qc4 Bxe4 28. Qxe4 Rab8 $15)
27. Bxc6 Nxc6 28. Ne4 Nf6 (28... Nc5 $5 29. Nxc5 Bxc5 $15) 29. Nxf6+ Bxf6 30.
Bg5 Bg7 31. Nd2 Nd4 (31... h6 32. Be3 (32. Bh4 Nd4 33. Nc4 Nf5 $17) 32... Red8
$15) 32. Nc4 $132 Re6 $6 33. Rxd4 $1 exd4 34. Rxe6 fxe6 (34... Qb5 35. Rb6 Qxg5
36. Rxa6 $16) 35. Nd6 $11 Qc6 36. Nxc8 Qxc8 37. b4 Qc6 1/2-1/2

[Event "Zagreb/ Rijeka"]
[Site "Zagreb/ Rijeka"]
[Date "1985.04.24"]
[Round "4"]
[White "Ivanovic, Bozidar"]
[Black "Smejkal, Jan"]
[Result "0-1"]
[WhiteElo "2515"]
[BlackElo "2555"]
[Annotator "Kharitonov,A"]
[PlyCount "86"]
[EventDate "1985.04.21"]
[EventType "tourn"]
[EventRounds "15"]
[EventCountry "CRO"]
[EventCategory "11"]
[SourceTitle "MCL"]
[Source "ChessBase"]
[SourceDate "1999.07.01"]
[SourceVersion "1"]
[SourceVersionDate "1999.07.01"]
[SourceQuality "1"]

1. e4 e5 2. Nf3 Nc6 3. Bb5 a6 4. Ba4 Nf6 5. O-O Be7 6. Re1 b5 7. Bb3 d6 8. c3
O-O 9. d4 Bg4 10. Be3 exd4 11. cxd4 Na5 12. Bc2 c5 (12... Nc4 13. Bc1 c5 14. b3
Na5 (14... Nb6 $5 15. Nbd2 Rc8 16. Bb2 cxd4 17. h3 Bh5 18. Bxd4 Nbd7 $13 {
Ligterink,H-Klovan,J/Jurmala/1978/0:1/41/}) 15. d5 Nd7 16. Nbd2 Bf6 17. Rb1 c4
18. h3 Bxf3 19. Nxf3 cxb3 20. axb3 $16 {Psakhis,L-Agzamov,G/Baku/1978/1:0/55/})
13. Nbd2 (13. b3 Nc6) (13. d5 Nc4 14. Bc1 Nd7 $13) (13. dxc5 dxc5 14. Nbd2 Nc6
15. Rc1 Nb4 16. Bb1 Rc8 17. h3 $13 {Gulko,B-Portish,L/JUG/1978/1:0/36/}) 13...
cxd4 14. Bxd4 Nc6 15. Be3 d5 16. exd5 Nxd5 $1 (16... Nb4 17. h3 Bh5 18. Bg5 Qd7
19. Bb3 Nfxd5 $10 {Shamkovich/}) 17. Bxh7+ $2 (17. Nb3 Nxe3 18. Rxe3 Bf6 19.
Qxd8 Rfxd8 20. Rb1 Nb4 21. Be4 Rac8 22. a3 $17) (17. Ne4 $142 Nxe3 18. Rxe3 $15
) 17... Kxh7 18. Qc2+ Kg8 19. Qxc6 Bb4 $1 $17 20. Bg5 f6 21. Re4 Rc8 $1 (21...
Bf5 22. Rd4) 22. Qxa6 Qd7 $1 (22... Bf5 23. Bh4 Qd7 (23... Bxe4 24. Qe6+ Kh8
25. Nxe4 $44) 24. Rxb4 Nxb4 25. Qa5 Nd3 26. b3 $17) 23. Nd4 fxg5 24. N2f3 (24.
N2b3 Rc4 25. f3 Nf6 {Cseshkovsky,V-Korchnoi,V/Sochi/1970/0:1/25/}) 24... Bxf3
$1 25. gxf3 (25. Nxf3 Rf6 $19) 25... Nf6 26. Qe6+ $8 Rf7 27. Re5 Rc5 28. Nb3 (
28. Rxc5 Bxc5 29. Qxd7 Rxd7 30. Nxb5 Rd2 $19) 28... Qxe6 29. Rxe6 Rf5 30. a4 (
30. Nd4 Rd5 31. Nc2 Bc5) 30... Rxf3 $19 31. Nd4 Rf4 32. Ne2 (32. Nxb5 Bc5 33.
Re2 Ng4 $40) 32... Rg4+ 33. Ng3 Ra7 34. b3 Rf4 35. Rc1 bxa4 36. bxa4 Rxa4 37.
Rc2 Ra5 38. Kg2 Rd5 39. Rb6 Rd2 40. Rxd2 Bxd2 41. Ne2 Re4 42. Ng3 Re5 43. Rb7
Bf4 0-1

[Event "Bundesliga 0405"]
[Site "Germany"]
[Date "2005.02.13"]
[Round "11.3"]
[White "Polzin, Rainer"]
[Black "Sokolov, Ivan"]
[Result "0-1"]
[WhiteElo "2517"]
[BlackElo "2663"]
[Annotator "Kortschnoj,V"]
[PlyCount "86"]
[EventDate "2004.11.12"]
[EventType "team-tourn"]
[EventRounds "15"]
[EventCountry "GER"]
[SourceTitle "CBM 106"]
[Source "ChessBase"]
[SourceDate "2005.06.06"]
[SourceVersion "1"]
[SourceVersionDate "2005.06.06"]
[SourceQuality "1"]
[WhiteTeam "Neukoelln"]
[BlackTeam "Porz"]
[WhiteTeamCountry "GER"]
[BlackTeamCountry "GER"]

1. e4 e5 2. Nf3 Nc6 3. Bb5 a6 4. Ba4 Nf6 5. O-O Be7 6. Re1 b5 7. Bb3 d6 8. c3
O-O 9. d4 Bg4 10. Be3 Bh5 11. h3 (11. Nbd2 Na5 12. Bc2 Ng4 $11) 11... exd4 12.
cxd4 d5 13. g4 Bg6 14. Ne5 Na5 15. Nxg6 fxg6 $5 $146 16. Nc3 $1 (16. e5 Ne4 17.
Nc3 Nxc3 18. bxc3 Nxb3 (18... g5 $11) 19. axb3 g5 (19... a5 20. f4 $14) 20. b4
$14) 16... Bb4 $1 {The only move in order to prevent painful material losses
after the threat e4-e5.} 17. Bg5 $6 ({The main line runs as follows:} 17. Nxd5
Bxe1 (17... Nxb3 18. Qxb3 Nxd5 19. Rec1 Kh8 20. Qxd5 Qh4 (20... Qxd5 21. exd5
Bd6 {Black has good chances to survive here.}) 21. Kg2 Rad8 22. Qb3 $16) 18.
Nxc7+ Kh8 19. Ne6 (19. Nxa8 $2 Bb4 $17) 19... Qe7 20. Nxf8 Nxb3 (20... Bxf2+
21. Bxf2 Rxf8 22. Bc2 (22. e5 $2 Ne4 23. Be1 Ng5 $17) 22... Nxe4 23. Qe2 Rxf2
24. Qxe4 Qf8 25. Re1 Nc4 26. Qe8 Rf1+ 27. Kg2 Rf2+ 28. Kg3 Rf3+ 29. Kh4 $14)
21. Qxb3 Rxf8 (21... Bxf2+ 22. Bxf2 Rxf8 23. Re1 Nxe4 24. Qc2 Re8 25. d5 Qb4
26. b3 $1 $18) 22. Rxe1 Nxe4 (22... Qxe4 23. Qa3 Qa8 (23... Ra8 24. Qd6 $14)
24. Bg5 $14) 23. Qd5 $14) 17... Nxb3 18. Qxb3 Bxc3 19. bxc3 h6 {Now Black
takes over the initiative!} 20. Bh4 g5 21. Bg3 Kh8 $15 22. f3 $6 {Very
ambitious. White certainly overestimates his position.} ({After} 22. exd5 Nxd5
23. Re5 {Black would have had only a slight edge.}) 22... dxe4 23. fxe4 Qd7 24.
Re2 c5 $1 {Very strong. In fact, Black is planning to play h6-h5, but then he
has to reckon with e4-e5.} 25. d5 (25. Qd1 $5) 25... h5 $1 26. d6 {What else?
- White's king position goes to pieces...} hxg4 27. e5 Nh5 28. e6 Qc6 29. hxg4
Qf3 30. gxh5 ({More stubborn would have been} 30. Rg2 {. Then} Nxg3 31. Rh2+
Kg8 32. e7+ c4 ({after} 32... Rf7 33. Re1 Ne4 34. d7 Qg3+ 35. Rg2 Qxe1+ 36. Kh2
{I could not find a win for Black.}) 33. exf8=Q+ Rxf8 34. Qc2 Qe3+ 35. Kg2 Ne4
36. Kh1 {. Black is close to win, but he still needs to demonstrate some
technique.}) 30... Qxg3+ (30... Qxe2 {wins as well, of course.}) 31. Rg2 Qe3+
32. Kh1 Rf3 33. Qd5 (33. e7 Rh3+ 34. Rh2 Qf3+ 35. Kg1 Rg3+) 33... Raf8 $1 34.
e7 Rh3+ 35. Rh2 Rxh2+ 36. Kxh2 Rf2+ 37. Qg2 Rxg2+ 38. Kxg2 Qe2+ 39. Kg1 $2 ({
This move loses on the spot. Better was} 39. Kg3 {and if} Kh7 {then} 40. Rf1)
39... g4 40. Rf1 g3 41. Rf8+ Kh7 42. e8=Q Qh2+ 43. Kf1 g2+ 0-1